Online
Catalog

La cultura represiva : (Record no. 42841)

MARC details
000 -CABECERA
campo de control de longitud fija 00762nam a2200205 a 4500
001 - NÚMERO DE CONTROL
campo de control 000043352
005 - FECHA Y HORA DE LA ÚLTIMA TRANSACCIÓN
campo de control 20201002040834.0
008 - DATOS DE LONGITUD FIJA--INFORMACIÓN GENERAL
campo de control de longitud fija 140310s1977 sp 000 0 spa d
020 ## - NÚMERO INTERNACIONAL ESTÁNDAR DEL LIBRO
Número Internacional Estándar del Libro 8433914065
040 ## - FUENTE DE LA CATALOGACIÓN
Centro catalogador/agencia de origen DO-SdBNP
Lengua de catalogación spa
Centro/agencia transcriptor BNPHU
100 1# - ENTRADA PRINCIPAL--NOMBRE DE PERSONA
Nombre de persona Anderson, Perry
9 (RLIN) 70998
240 10 - TÍTULO UNIFORME
Título uniforme Components of the nacional culture, new left review
245 13 - MENCIÓN DE TÍTULO
Título La cultura represiva :
Resto del título elementos de la cultura nacional británica /
Mención de responsabilidad, etc. Perry Anderson; traducción Enrique Hegewicz; prólogo Ernesto Laclau.
260 ## - PUBLICACIÓN, DISTRIBUCIÓN, ETC.
Lugar de publicación, distribución, etc. Barcelona, :
Nombre del editor, distribuidor, etc. Anagrama,
Fecha de publicación, distribución, etc. 1977.
490 1# - MENCIÓN DE SERIE
Mención de serie Elementos críticos
Designación de volumen o secuencia 6
500 ## - NOTA GENERAL
Nota general Incluye notas a pie de páginas
700 12 - PUNTO DE ACCESO ADICIONAL--NOMBRE DE PERSONA
Nombre de persona Laclau, Ernesto
Término indicativo de función/relación prol.
9 (RLIN) 70999
700 12 - PUNTO DE ACCESO ADICIONAL--NOMBRE DE PERSONA
Nombre de persona Hegewicz, Enrique
Término indicativo de función/relación trad.
9 (RLIN) 71000
830 #0 - PUNTO DE ACCESO ADICIONAL DE SERIE-TÍTULO UNIFORME
Título uniforme Elementos críticos
Número de parte o sección de la obra 6
9 (RLIN) 71001
Holdings
Estado de retiro Estado de pérdida Restricciones de uso No para préstamo Código de colección Localización permanente Ubicación/localización actual Ubicación en estantería Fecha de adquisición Número de inventario Total de préstamos Signatura topográfica completa Código de barras Fecha visto por última vez Precio válido a partir de Tipo de ítem Koha
      Excluido de préstamo Monografías: Libros y Folletos General General En catalogación 10.03.2014 LF1   43352-10 25.06.2020 25.06.2020 No se presta

Powered by Koha